Jennie - F.T.S. (Lyrics) - Statistics

General Stats
  • This quiz has been taken 35 times
  • The average score is 117 of 180
Answer Stats
Lyrics % Correct
a
100%
I
100%
the
92%
you,
92%
Fuck
85%
me
85%
me,
85%
shit,
85%
that
85%
And
77%
and
77%
it,
77%
it's
77%
my
77%
of
77%
script,
77%
to
77%
ah,
69%
ah
69%
Ah,
69%
Flip
69%
in
69%
Over
69%
What
69%
what
69%
yeah
69%
yeah,
69%
you're
69%
deep
62%
freedom
62%
honesty?
62%
Inside
62%
not
62%
off
62%
Off
62%
ooh
62%
Ooh,
62%
ooh,
62%
time
62%
grid,
54%
happened
54%
I'm
54%
leap
54%
love
54%
love,
54%
matters
54%
rain
54%
shirt
54%
take
54%
true
54%
faith
46%
if
46%
Maybe
46%
on
46%
shit's
46%
up
46%
up,
46%
Whatever
46%
come
38%
fuckin'
38%
desire
31%
fight
31%
go
31%
hands
31%
I'll
31%
match
31%
say
31%
senses
31%
Strike
31%
Switchin'
31%
switchin'
31%
want
31%
Won't
31%
flames
23%
games
23%
insane
23%
lanes
23%
urge,
23%
warm
15%
No matching quizzes found
Score Distribution
Percent of People with Each Score
Percentile by Number Answered
Your Score History
You have not taken this quiz